| 000 | 00358 a2200133 4500 | ||
|---|---|---|---|
| 005 | 20250623092219.0 | ||
| 020 | _a81-8054-785-X | ||
| 082 | _a658.3GUP | ||
| 100 | _aGUPTA. C. B | ||
| 245 | _aHuman Resource Management | ||
| 260 |
_bGUPTA. C. B _c2010. |
||
| 300 |
_axvii, 38.33p,; ill, figure & table _bAppendix, Index & bibliography _c23cm |
||
| 942 |
_2ddc _cBKS |
||
| 999 |
_c4643 _d4643 |
||